书目信息 |
| 题名: |
建设工程造价指标指数分析标准
|
|
| 作者: | 孙晓东 起草 ;上海市建筑建材业市场管理总站 , 上海建科造价咨询公司 主编 | |
| 分册: | ||
| 出版信息: | 上海 同济大学出版社 2020.08 |
|
| 页数: | 181页 | |
| 开本: | 30cm | |
| 丛书名: | 上海市工程建设规范 | |
| 单 册: | ||
| 中图分类: | TU723.32 | |
| 科图分类: | ||
| 主题词: | 建筑造价--jian zhu zao jia--指标--分析--标准 , 建筑造价--jian zhu zao jia--指数--分析--标准 | |
| 电子资源: | ||
| ISBN: | 978-7-5608-9284-9 | |
| 000 | 01685nam 2200325 450 | |
| 001 | 2037145310 | |
| 005 | 20201107101915.16 | |
| 010 | @a978-7-5608-9284-9@dCNY98.00 | |
| 094 | @aCN@bDG/TJ 08-2135-2020 J 15140-2020 | |
| 100 | @a20200810d2020 em y0chiy50 ea | |
| 101 | 0 | @achi@eeng |
| 102 | @aCN@b310000 | |
| 105 | @ak l 000yy | |
| 200 | 1 | @a建设工程造价指标指数分析标准@Ajian she gong cheng zao jia zhi biao zhi shu fen xi biao zhun@d= Standard for measurement of construction cost index Standard for measurement of construction cost index@f主编单位上海市建筑建材业市场管理总站, 上海建科造价咨询有限公司@zeng |
| 210 | @a上海@c同济大学出版社@d2020.08 | |
| 215 | @a181页@d30cm | |
| 225 | 2 | @a上海市工程建设规范@Ashang hai shi gong cheng jian she gui fan |
| 300 | @a上海市住房和城乡建设管理委员会发布 2020-03-30发布 2020-09-01实施 | |
| 314 | @a起草人: 孙晓东 ... [等] | |
| 330 | @a为规范本市建设工程造价指标指数的分类、分析与测算方法, 提高建设工程造价指标指数在工程项目建设宏观决策、行业监管中的指导作用, 更好地服务建设工程相关主体, 制定本标准。 | |
| 410 | 0 | @12001 @a上海市工程建设规范 |
| 510 | 1 | @aStandard for measurement of construction cost index Standard for measurement of construction cost index@zeng |
| 606 | 0 | @a建筑造价@Ajian zhu zao jia@x指标@x分析@x标准 |
| 606 | 0 | @a建筑造价@Ajian zhu zao jia@x指数@x分析@x标准 |
| 690 | @aTU723.32@v5 | |
| 701 | 0 | @a孙晓东@Asun xiao dong@4起草 |
| 712 | 02 | @a上海市建筑建材业市场管理总站@Ashang hai shi jian zhu jian cai ye shi chang guan li zong zhan@4主编 |
| 712 | 02 | @a上海建科造价咨询公司@Ashang hai jian ke zao jia zi xun gong si@4主编 |
| 801 | 0 | @aCN@b人天书店@c20200926 |
| 905 | @aZUCC@dTU723.32@eS960 | |
| 建设工程造价指标指数分析标准= Standard for measurement of construction cost index Standard for measurement of construction cost index/主编单位上海市建筑建材业市场管理总站, 上海建科造价咨询有限公司.-上海:同济大学出版社,2020.08 |
| 181页;30cm.-(上海市工程建设规范) |
| 上海市住房和城乡建设管理委员会发布 2020-03-30发布 2020-09-01实施 |
| ISBN 978-7-5608-9284-9:CNY98.00 |
| 为规范本市建设工程造价指标指数的分类、分析与测算方法, 提高建设工程造价指标指数在工程项目建设宏观决策、行业监管中的指导作用, 更好地服务建设工程相关主体, 制定本标准。 |
| ● |
| 相关链接 |
|
|
|
正题名:建设工程造价指标指数分析标准
索取号:TU723.32/S960
 
预约/预借
| 序号 | 登录号 | 条形码 | 馆藏地/架位号 | 状态 | 备注 |
| 1 | 1484892 | 214848922 | 建筑库201/201建筑库 106排6列3层/ [索取号:TU723.32/S960] | 在馆 | |
| 2 | 1484893 | 214848931 | 建筑库201/201建筑库 106排6列3层/ [索取号:TU723.32/S960] | 在馆 |